The Norway /UN Conference on the ecosystems approach for sustainable use of biological diversity. (Registro nro. 8360)

Detalles MARC
000 -CABECERA
Campo de control 00908nam a22002177a 4500
005 - FECHA Y HORA DE LA ULTIMA TRANSACCION
Campo de control 20140404150532.0
008 - ELEMENTOS DE LONGITUD FIJA—INFORMACION GENERAL
Campo de control 140404b1999 no |||||r|||| 10| 0 eng d
020 ## - ISBN
ISBN 8242610932
041 ## - IDIOMA
Código de idioma para texto/pista de sonido o título separado Inglés
082 04 - NUMERO DE CLASIFICACION DECIMAL DEWEY
Número de clasificación 333.95
Número del ítem T82n
111 ## - ASIENTO PRINCIPAL--NOMBRE DE REUNION
Nombre de reunión o de jurisdicción como elemento de entrada Conference on the ecosystems approach for sustainable use of biological diversity.
Lugar de la reunión Trondheim
Fecha de la reunión septiembre 6 al 10 de 1999
245 00 - MENCION DE TITULO
Título The Norway /UN Conference on the ecosystems approach for sustainable use of biological diversity.
Mención de responsabilidad Edited by Peter Johan Schei...[et al]
260 ## - PUBLICACION, DISTRIBUCION, ETC. (PIE DE IMPRENTA)
Lugar de publicación, distribución, etc. Trondheim
Nombre del editor, distribuidor, etc. Norwegian Institute for Nature Research (NINA)
Fecha de publicación, distribución, etc. 1999
300 ## - DESCRIPCION FISICA
Extensión 282 p.
Dimensiones 30 cm.
650 ## - ASIENTO SECUNDARIO DE MATERIA - TERMINO TEMATICO
Término temático o nombre geográfico como elemento de entrada Biodiversity conservation
Subdivisión general congresos y conferencias
650 ## - ASIENTO SECUNDARIO DE MATERIA - TERMINO TEMATICO
Término temático o nombre geográfico como elemento de entrada Ecology
Subdivisión general congresos y conferencias
700 1# - ASIENTO SECUNDARIO - NOMBRE PERSONAL
Nombre personal Sche, Peter Johan
Término de relación ed
700 1# - ASIENTO SECUNDARIO - NOMBRE PERSONAL
Nombre personal Sandlund, Odd
Término de relación ed
700 1# - ASIENTO SECUNDARIO - NOMBRE PERSONAL
Nombre personal Strand, Rita
Término de relación ed
942 ## - ELEMENTOS ADICIONALES (KOHA)
Sistema de clasificación Dewey Decimal Classification
Tipo de ítem Impreso
Existencias
Withdrawn status Lost status Sistema de Clasificación Damaged status No para préstamo Colección Inventariado Ubicación Permanente Ubicación actual Fecha de adquisición Valor Total Checkouts Número topográfico Inventario / Código de Barras Date last seen Ejemplar Price effective from Forma de adquisición Tipo de material
    Dewey Decimal Classification     General Inventariado 2017 Sala Fabio Quevedo Sala Fabio Quevedo 04/04/2014 39000.00   LB-333.95 T82n 038003 04/04/2014 Ej. 1 04/04/2014   Libro